[Event "COL-ch Amateur U2000"]
[Site "Bogota"]
[Date "2017.03.03"]
[Round "3"]
[White "Espitia, Miguel"]
[Black "Dabraccio, Guillermo"]
[Result "1-0"]
[WhiteElo "1898"]
[BlackElo "1704"]
[PlyCount "126"]
[EventDate "2017.03.02"]
[EventType "swiss"]
[EventRounds "7"]
[EventCountry "COL"]
[SourceTitle "CBM 177 Extra"]
[Source "ChessBase"]
[SourceDate "2017.04.27"]
[SourceVersion "1"]
[SourceVersionDate "2017.04.27"]
[SourceQuality "1"]

1. e4 e6 2. d4 d5 3. Nd2 Nf6 4. e5 Nfd7 5. Bd3 c5 6. c3 Qb6 7. Ne2 Nc6 8. Nf3 cxd4 9. cxd4 Bb4+ 10. Bd2 Bxd2+ 11. Qxd2 Qb4 12. 0-0 Qxd2 13. Nxd2 Nb4 14. Bb1 b6 15. a3 Ba6 16. Re1 Nc6 17. Nf3 Nb4 18. Nd2 Nc6 19. Nf3 Na5 20. Ba2 Bxe2 21. Rxe2 Rc8 22. b4 Nc4 23. a4 Ke7 24. Bb3 a6 25. b5 axb5 26. axb5 Na5 27. Re3 Rc7 28. Kf1 Rhc8 29. Nd2 Rc3 30. Ke2 f6 31. exf6+ Kxf6 32. Rb1 g5 33. g4 Nf8 34. Ba4 Ng6 35. Nf3 Nf4+ 36. Kd1 Rxe3 37. fxe3 Ng2 38. Ke2 Rc3 39. Ne5 Nxe3 40. Nd7+ Kg6 41. Nxb6 Nxg4 42. Nd7 Rc7 43. Nc5 Nxh2 44. b6 Rg7 45. Rb5 Nb7 46. Nxb7 Rxb7 47. Rb2 Ng4 48. Bc6 Rb8 49. b7 e5 50. Ra2 exd4 51. Ra8 d3+ 52. Kd2 Rxb7 53. Bxb7 Nf6 54. Ba6 Ne4+ 55. Kxd3 Nc5+ 56. Ke3 Nxa6 57. Rxa6+ Kh5 58. Kf3 d4 59. Rd6 d3 60. Rxd3 Kh4 61. Rd1 Kh5 62. Rh1+ Kg6 63. Kg4 h6 1-0

[Event "Pan American-ch"]
[Site "Cartagena"]
[Date "2012.07.07"]
[Round "8"]
[White "Fonseca, Jose Joaquin"]
[Black "Espitia, Miguel"]
[Result "0-1"]
[WhiteElo "1680"]
[BlackElo "1850"]
[PlyCount "110"]
[EventDate "2012.07.04"]
[EventType "swiss"]
[EventRounds "9"]
[EventCountry "COL"]
[SourceTitle "CBM 149 Extra"]
[Source "ChessBase"]
[SourceDate "2012.08.24"]
[SourceVersion "1"]
[SourceVersionDate "2012.08.24"]
[SourceQuality "1"]

1. d4 Nf6 2. c4 e6 3. Nc3 d5 4. Nf3 b6 5. Bg5 Be7 6. e3 Bb7 7. Bd3 0-0 8. 0-0 Nbd7 9. Rc1 h6 10. Bh4 Rc8 11. Re1 c5 12. Qe2 dxc4 13. Bxc4 cxd4 14. exd4 Bxf3 15. gxf3 Nh7 16. Bg3 Ndf6 17. Red1 Nd5 18. Bxd5 exd5 19. Qe5 Nf6 20. h3 Re8 21. Kh2 Bb4 22. Qf5 Bxc3 23. bxc3 Re2 24. a4 Qd7 25. Qd3 Ra2 26. Rg1 Rxa4 27. Bh4 Qd6+ 28. Bg3 Qc6 29. Be5 Ne8 30. Rg2 f6 31. Bf4 Qe6 32. Bxh6 Rc7 33. Rcg1 Rac4 34. Bd2 Nd6 35. h4 Qf5 36. Qe2 Rf7 37. Rg4 Rcc7 38. Rf4 Rce7 39. Qf1 Qc2 40. Be3 Nc4 41. Rg2 Qxc3 42. Qg1 Nxe3 43. fxe3 Qxe3 44. Rfg4 Qxg1+ 45. Rxg1 Re3 46. Kg3 Rb3 47. h5 a5 48. Rg6 Kh7 49. Kg4 a4 50. Rg3 a3 51. Kf5 a2 52. h6 gxh6 53. Rh3 Rxf3+ 54. Rxf3 a1Q 55. Rh3 Qb1+ 0-1

[Event "Pan American-ch"]
[Site "Cartagena"]
[Date "2012.07.06"]
[Round "5"]
[White "Espitia, Miguel"]
[Black "Guzman Mellado, Arcadio"]
[Result "1-0"]
[WhiteElo "1850"]
[BlackElo "1912"]
[PlyCount "101"]
[EventDate "2012.07.04"]
[EventType "swiss"]
[EventRounds "9"]
[EventCountry "COL"]
[SourceTitle "CBM 149 Extra"]
[Source "ChessBase"]
[SourceDate "2012.08.24"]
[SourceVersion "1"]
[SourceVersionDate "2012.08.24"]
[SourceQuality "1"]

1. e4 c5 2. Nf3 e6 3. g3 Nc6 4. d3 Nf6 5. Bg2 Be7 6. 0-0 d6 7. Nbd2 0-0 8. Re1 e5 9. Nf1 Nd4 10. c3 Nxf3+ 11. Bxf3 Bd7 12. b3 Qc8 13. Bb2 Bg4 14. Bxg4 Nxg4 15. Kg2 f5 16. f3 Nh6 17. Ne3 Bg5 18. Nd5 Kh8 19. Rf1 f4 20. d4 Nf7 21. Rf2 Qd7 22. gxf4 Bxf4 23. Nxf4 exf4 24. dxc5 Ng5 25. cxd6 Rf6 26. e5 Rg6 27. Kh1 Re8 28. c4 b6 29. Qd5 Nf7 30. Rg1 Rge6 31. Re2 h6 32. b4 g5 33. c5 bxc5 34. bxc5 Nd8 35. h4 Rg8 36. hxg5 Rxg5 37. Rxg5 hxg5 38. Rh2+ Kg7 39. Qe4 Kg8 40. Qf5 Qg7 41. c6 Rh6 42. Rxh6 Qxh6+ 43. Kg2 Nxc6 44. Qc8+ Kf7 45. Qxc6 Qh4 46. Qd7+ Kg8 47. Qe8+ Kh7 48. Qf7+ Kh6 49. Qf6+ Kh7 50. Qf5+ Kg8 51. Qg4 1-0

[Event "Pan American-ch"]
[Site "Cartagena"]
[Date "2012.07.06"]
[Round "6"]
[White "Medina Ocampo, Andres Felipe"]
[Black "Espitia, Miguel"]
[Result "1-0"]
[WhiteElo "1894"]
[BlackElo "1850"]
[PlyCount "77"]
[EventDate "2012.07.04"]
[EventType "swiss"]
[EventRounds "9"]
[EventCountry "COL"]
[SourceTitle "CBM 149 Extra"]
[Source "ChessBase"]
[SourceDate "2012.08.24"]
[SourceVersion "1"]
[SourceVersionDate "2012.08.24"]
[SourceQuality "1"]

1. d4 Nf6 2. c4 e6 3. Nf3 d5 4. Nc3 b6 5. Bg5 Be7 6. e3 Bb7 7. cxd5 Nxd5 8. Bxe7 Qxe7 9. a3 0-0 10. Bd3 Nd7 11. 0-0 c5 12. Rc1 Rfd8 13. Qe2 e5 14. Nxd5 Bxd5 15. e4 Bb7 16. d5 Nf6 17. Nd2 Ne8 18. Rfd1 Qg5 19. Nf3 Qf6 20. Rc3 Nd6 21. Nd2 Rac8 22. Nc4 Nb5 23. Rcc1 Nd4 24. Qh5 Re8 25. f4 Ba6 26. fxe5 Qg6 27. Qxg6 hxg6 28. Nd6 Bxd3 29. Nxe8 Ne2+ 30. Kf2 Nxc1 31. Nd6 Rd8 32. Rxc1 f6 33. Ke3 fxe5 34. Kxd3 Rxd6 35. Rf1 Rf6 36. Rxf6 gxf6 37. Kc4 Kf7 38. g4 g5 39. Kb5 1-0